Policía rural en España / (Record no. 124232)

MARC details
000 -LEADER
campo de control de longitud fija 00645nam a2200169 4500
001 - NÚMERO DE CONTROL
campo de control 124232
003 - IDENTIFICADOR DE NÚMERO DE CONTROL
campo de control ES-MaACL
005 - FECHA Y HORA DE LA ÚLTIMA TRANSACCIÓN
campo de control 20250823063104.0
007 - CAMPO FIJO DE DESCRIPCIÓN FÍSICA--INFORMACIÓN GENERAL
campo de control de longitud fija t|
008 - DATOS DE LONGITUD FIJA--INFORMACIÓN GENERAL
campo de control de longitud fija 070214s1916 sp r ||||1| spa d
100 1# - ENTRADA PRINCIPAL--NOMBRE DE PERSONA
Nombre de persona Redonet y López-Dóriga, Luis,
Fechas asociadas al nombre 1875-1972
9 (RLIN) 95833
245 10 - MENCIÓN DEL TÍTULO
Título Policía rural en España /
Mención de responsabilidad, etc. por el Excmo. Sr.D. Luis Redonet y López-Dóriga.
Número de parte o sección de la obra , . I,
Nombre de parte o sección de la obra [Coruña, Pontevedra, Lugo, Orense, Oviedo, León, Santander, Palencia, Burgos].
260 ## - PUBLICACIÓN, DISTRIBUCIÓN, ETC.
Lugar de publicación, distribución, etc. Madrid :
Nombre del editor, distribuidor, etc. [s. n.],
Fecha de publicación, distribución, etc. 1916 (
Fabricante Imp. de la Suc. de M. Minuesa de los Ríos)
300 ## - DESCRIPCIÓN FÍSICA
Extensión 328 p. ;
Dimensiones 20 cm.
852 ## - LOCALIZACIÓN
Ubicación ES-MaACL
Número de control de estantería F-1925
Holdings
Estatus retirado Estado de pérdida Estado de daño No para préstamo Biblioteca de origen Biblioteca actual Ubicación en estantería Fecha de adquisición Fuente de adquisición Total de préstamos Signatura topográfica completa Código de barras Visto por última vez Precio de reemplazo Tipo de ítem Koha
        Biblioteca del Ateneo de Madrid Biblioteca del Ateneo de Madrid Depósito 2 17/01/2008     F-1925 1129424 23/02/2023 23/02/2023 Libro impreso